Regionálne aspekty sociálneho vylúčenia v podmienkach SR

Sociálna situácia slovenských domácností vo vzťahu k štátnym výdavkom a naopak.

Salvato in:
Dettagli Bibliografici
Autore principale: Neubauerová, Erika, 1968-
Altri autori: Tomčiková, Michaela
Natura: Capitolo di libro
Lingua:slovacco
Soggetti:
Tags: Aggiungi Tag
Nessun Tag, puoi essere il primo ad aggiungerne!!

MARC

LEADER 00000naa$a2200000$$$4500
001 0240581
005 20240502073919.7
041 0 |a slo 
044 |a SK 
245 1 0 |a Regionálne aspekty sociálneho vylúčenia v podmienkach SR  |c Erika Neubauerová Doc. Ing. PhD., Michaela Tomčíková 
520 |a Sociálna situácia slovenských domácností vo vzťahu k štátnym výdavkom a naopak. 
610 2 0 |a Slovensko 
610 2 0 |a vylúčenie sociálne 
610 2 0 |a intenzita práce 
610 2 0 |a chudoba 
610 2 0 |a výdavky štátne 
610 2 0 |a výdavky verejné 
100 1 |a Neubauerová, Erika, 1968- 
700 1 |a Tomčiková, Michaela